000 00637nam a2200229Ia 4500
003 OSt
005 20220918194943.0
006 a|||||r|||| 00| 0
007 ta
008 220917b |||||||| |||| 00| 0 eng d
024 _a82,638
037 _cTextual
040 _aARTS
_cARTS
_beng
041 _2eng
_aeng
082 _aS1:7:60N4, K8-;1
100 _aKoppitz Elizabeth Munsterberg
_988138
245 0 _aPsychological evaluation of children's human figure drawings
260 _c1968
650 _aPSYCHOLOGY
942 _hS1:7:60N4, K8-;1
_cTEXL
_2CC
999 _c206356
_d206356